| 000 | 03833nam a22002897a 4500 | ||
|---|---|---|---|
| 003 | DO-SdBNP | ||
| 005 | 20240524205016.0 | ||
| 007 | ta | ||
| 008 | 210625b dr ||||| |||| 10| 0 spa d | ||
| 020 | _aISBN: ??? | ||
| 040 |
_aDO-SdBNP _bspa _cBNPHU |
||
| 082 | 4 |
_222 _a780.98 _bC749a |
|
| 111 | 2 |
_aCongreso de la Rama Latinoamericana de la Asociación Internacional para el Estudio de la Música Popular _n(13. : _d2018 : _cSan Juan, Puerto Rico) _979002 |
|
| 245 |
_aDel archivo a la playlist : historias, nostalgias, tecnologías , actas = _bDo arquivo à playlist : histórias, nostalgias, tecnologías ; anais / _ceditor, Darío Tejeda. |
||
| 246 | _aDo arquivo à playlist : historias, nostalgias, tecnologías; anais | ||
| 260 |
_aSan Juan, Puerto Rico: _bIASPM-AL _c2021 |
||
| 300 |
_a754p. : _bil. _c28 cm. |
||
| 500 | _aIncluye referencias bibliográficas y notas al pie de las páginas | ||
| 500 | _aTexto en español e portugués | ||
| 505 |
_tSimposio : ¨Música popular¨ en América Latina de los 1800 : archivos, historias, tecnologías -- _tSimposio : ¨Música popular¨ na América Latina dos anos 1800 : aquivos, historias, tecnologías _tSimposio : De los cilindros de cera a los discos de vinilo: usos de as tecnologías de grabación analógica en América Latina -- _tSimposio : De cilindros de cera a discos de vinil : usos de tecnologías de gravação analógicas na América Latina _tSimposio : Música, mediatizaciones y memoria de prácticas de colección y colecciones de sonido y plataformas digitales -- _tSimposio : Música, mídia e memória nas práticas de coleção e coleções de som e plataformas digitais _tSimposio : Archivos materiales y archivos imaginarios en América Latina -- _tSimposio: Arquivos materiais e arquivos imaginarios na América Latina -- _tSimposio : Archivo, escucha, análisis musical y políticas de la vida y de la muerte _tSimposio : Arquivo, escuta, análise musical e política de vida e morte -- _tSimposio : La producción musical en Latinoamérica y España : entre la creación musical y la industria discográfica _tSimposio : A produção musical na América Latina e na Espanha : entre a criação musical e a industria discográfica _tSimposio: Música y política -- _tSimposio: Música e política -- _tSimposio: Que vivan los estudiantes! Las playlists de las rebeliones estudiantiles latinoamericanas _tSimposio : Que vivam os estudantes! As playlists das rebeliões estudantis latino-americanas _tSimposio : Música e identidades regionales : transformaciones, contraposiciones y desafíos a las identidades nacionales latinoamericanas -- _tSimposio : Música e identidades regionais : transformacões, contraposicões e desafios às identidades nacionais latino-americanas _tSimposio : Jazz en América Latina : música y poder -- _tSimposio : Jazz em América Latina : música e poder -- _tSimposio : Reggaeton, cumbia, funk ... Las ¨incomodidades¨ de las músicas masivas desde la perspectiva de género -- _tSimposio : Reggaeton, cumbia, funk ... Os incômodos das músicas massivas a partir da perspectiva de gênero _tSimposio : Cultura popular y música en América Latina -- _tSimposio : Cultura popular e música em América Latina -- _tSimposio : Guitarra. presencia y diversidad en las músicas populares de América Latina -- _tSimposio: Violão : presença e diversidade na música popular de América Latina |
||
| 650 | 4 |
_aMúsica latinoamericana _xHistoria _979003 _vCongresos, conferencias, etc. |
|
| 650 | 0 |
_aArte y tecnología _vCongresos, conferencias, etc. _979004 |
|
| 650 | 4 |
_aMúsica _zAmérica Latina _xAspectos tecnológicos _979005 _vCongresos, conferencias, etc. |
|
| 700 | 1 |
_aTejeda, Darío _eeditor _92540 |
|
| 710 | 2 |
_a International Association for the Study of Popular Music _979007 |
|
| 942 |
_2ddc _cLBS1 |
||
| 999 |
_c50002 _d50002 |
||